000 00615nam a2200241Ia 4500
003 OSt
005 20220924144747.0
006 a|||||r|||| 00| 0
007 ta
008 220923b |||||||| |||| 00| 0 urd d
020 _c1.8
024 _a321168
037 _cTextual
040 _aARTS
_cARTS
_burd
041 _2urd
_aurd
082 _aQ7wM72,1, 168H6
100 _aSindhi Maulana Abeedullah Au.
_9218368
245 0 _aZati diary
260 _c1946
650 _aISLAM
_9577
942 _hQ7wM72,1, 168H6
_cTEXL
_2CC
999 _c458208
_d458208